50 Jeux vidéos à deviner - Statistiques

Statistiques générales
  • Ce quiz a été pris 20 326 fois
  • Le résultat moyen est 29 sur 50
Statistiques - réponses
Hint Réponse % Correct
Cette série suit les aventures d'un plombier italien au Royaume Champignon et qui doit délivrer une princesse des griffes d'un dinosaure. Il est parfois accompagné de son frère. Super Mario
99%
Jeux développé par Notch, puis par Mojang, et qui propose au joueur un gameplay totalement libre. Sa particularité: tout est cubique Minecraft
95%
Jeux où le joueur incarne un gangster qui veut se faire un nom dans la ville qu'il peut explorer dans son entièreté. Le joueur effectue des missions d'assassinat, braquages et voler les voitures aux grands-mères dans les carrefours ;-) Grand Theft Auto
94%
Jeux de tir à la première personne, les épisodes les plus célèbres regroupent les "Black Ops" et les "Modern Warfare" Call of Duty
93%
Série dont le buts est d'attraper des monstres et de les collectionner, ainsi que de faire des combats avec ces monstres pour devenir le Maître de la Ligue. Une petite souris jaune est sa mascotte. Pokémon
91%
Jeu dont le but est d'empiler des briques de formes différentes et qui défilent de haut en bas, et ce pour compléter des lignes. En théorie, le jeu est de durée infinie, à moins qu'un bloc ne soit bloqué en haut. Tétris
91%
Série dans laquelle le joueur se retrouve projeté dans le passé et incarne un membre d'une Confrérie d'assassin combattant les Templiers qui veulent dominer le monde. Assassin's Creed
90%
Jeux de Nintendo où le héros principal, habillé en vert, doit sauver sa princesse et anéantir le seigneur du Mal, et ce en parcourant de nombreux donjons. The Legend of Zelda
89%
Développés par Sega, cette série de jeux met en scène un hérisson bleu antropomorphe et extrêmement rapide. Celui-ci doit déjouer les plans d'un docteur malveillant, le Dr. Robotnik. Sonic
88%
Série de jaux dont le but est de dancer devnt l'écran en suivant la chorégraphie qui apparaît sur l'écran. Les jeux tirent leurs noms d'une chanson de Lady Gaga. Just Dance
87%
Série où le joueur incarne une archéologie brittanique nommée Lara Croft et la suit pendant sa quête de connaissance et ses aventures semées d'embûches. Tomb Raider
80%
Série de jeu développé par Nintendo mettant en scène un gorille géant qui envoie des obstacles au joueur qui doit ainsi les éviter pour ne ainsi délivrer une princesse. Donkey Kong
79%
Jeux de rôle (RPG) produit par Square Enix et comptant XV épisodes principaux et de nombreux produits dérivés. Cloud Strife ou Aeris sont parmis les personnages les plus emblématiques. Final Fantasy
78%
Jeux de football d'ElectronicArts, développé par la branche EA Sports. Il présente le plus grand contenu du monde du football. FIFA
74%
Série de jeux sur Nintendo. On y incarne une petite boule rose qui doit aspirer ses ennemis pour copier leurs pouvoirs et progresser dans l'aventure. Kirby
72%
Jeux de course en milieu urbain composé de nombreux jeux développés par Electronic Arts. Parmi les opus les plus célèbres, on recense "Carbon", "Most Wanted" ou encore "Undercover" Need for Speed
68%
Jeux de combat développé par Capcom. Le héros, Ryu, combat au côté de Ken Masters, son ami. Le jeu met en scène de nombreux personnages emblématiques auprès de monde des gamers, tels que Guile, M.Bison ou Chun Lee. Street Fighter
68%
Jeux de combat connu pour sa violence jugée parfois excessive. Il met en scène des personnages comme Liu Kang, Scopion, Sub-Zero ou le dieu du tonnerre Raiden. Mortal Kombat
67%
Jeux où une grande boule jaune doit manger des petite gommes dans un labyrinthe tout en évitant des petits fantômes de couleur. Si la boule jaune mange une plus grande gomme, c'est elle qui chasse les fantômes et peut les manger. Pac-Man
67%
Série de jeux exclusifs à la Playstation mettant en scène l'aventurier Nathan Drake, accompagné de son complice, Victor Sullivan, en quête des trésors mythiques comme l'Eldorado (dans le premier opus). Uncharted
64%
Série de jeux développés par Konami. C'est la série qui a lancé le genre infiltration auprès du public. Liquid Snake ou Solid Snake sont des personnages emblématiques de la série. Metal Gear
61%
Série de jeux de simulation de vie, à but humoristique, où il n'y a pas d'objectif précis à atteindre. Le joueur ne fait que gérer ses personnages et leur fait vivre une vie basée sur les choix du joueur. Les Sims
60%
Jeux d'action à monde ouvert, ne comptant que deux opus principaux à ce jour. L'intrigue se déroule à la fin de la conquête de l'Ouest. Le joueur y incarne un cow-boy. Red Dead Redemption
60%
Jeux de combat édités par Nintendo et qui regroupe de nombreux personnages apparaissant dans les jeux édités par le géant japonnais. D'autres personnages d'autres franchises sont venus s'y greffer au fil du temps. Super Smash Bros.
60%
Jeu en ligne proposant soit un mode survie à quatre joueurs contre des zombies, soit un mode bataille royale à cent joueurs, tous chacuns pour soi, où les espaces se réduisent au fur et à mesure que le nombre de joueurs diminuent. Fortnite
59%
Série de type beat them all. La série s'inspire de la mythologie grecque dans les premièrs épisodes et de la mythologie nordique dans les actuels. Le personnage principal se nomme Kratos. God of War
58%
Connu au japon (son pays d'origine) sous le nom de "Biohazard", ce sont des jeux de "survival horror". Resident Evil
56%
Série de jeux adaptée à partir des romans d'Andrzej Sapkowski, un auteur de fantasy polonais. On y incarne Geralt de Riv, un "Sorceleur", qui enquête qur l'atttaque que les "Sorceleurs" ont essuyé avant le début de l'histoire. Seulement 3 opus sont sortis. The Witcher
54%
Série de jeux de fantasy développé par Bethesda. les épisodes principaux comptent "Oblivion", "Morrowind" ou "Skyrim". The Elder Scrolls
53%
Série de jeux d'aventures, mêlés à des phases de jeux de plate-forme, dans laquelle le héros incarne un prince du Proche-Orient et où le temps tient une place plus que primordiale. La série est librement ispirée par les "Mille et unes nuits". Prince of Persia
51%
Grand rival du jeu précédent, développé par Konami. Moins consistant au niveau du contenu, mais n'ayant rien à envier niveau gameplay. P.E.S
50%
Série détenue par Microsoft, cette série se concentre sur une guerre interstellaire entre l'humaité et une aliance d'aliens appelés Covenants. Halo
48%
Jeu de tir à la pemière personne de Blizzard. Il se déroule en 2077. Parmi les personnages, on y retrouve Reinhardt, McCree ou D.va. Overwatch
48%
Série de jeux utilisant le calendrier et l'horloge de la console pour simuler un déroulement en temps réel. Le joueur vit sur une île habitée d'animaux antropomorphes et doit prendre part à diverses activités. Animal Crossing
47%
Cette série, développée par Square Enix, présente un cross-over entre, d'un côte, l'univers de Square, et de l'autre côté l'univers de Disney. Son personnage principal se nomme Sora. Kingdom Hearts
44%
Série sur PlayStation, où le héros est une sorte de marsupial qui doit empêcher ses créateurs, deux docteurs maléfiques, d'atteindre leur but: la domination du monde. Crash Bandicoot
43%
Jeux de combat édités par Namco. Il met en scène Kazuya Mishima dans la guerre de succession de la compagnie de son père Heihachi (quise décide dans des tournois d'arts martiaux). Tekken
43%
Série développée par Konami, le personnage principal se déplace dans le château de Dracula, en évitant ou tuant toutes sortes de créatures (zombies, chauve-souris,...) tout en évitant les pièges. Dracula est le boss final des jeux. Castlevania
42%
Jeux de tir à la première personne mélangeant science-fiction et horreur. On y incarne un marine spatial transféré sur Mars forcé d'y travailler après avoir agresser un supérieur. Il devra combattre des créatures démoniaque. Doom
33%
Série de jeux de courses automobiles. Ces jeux se veulent les plus réalistes possibles, avec l'inclusion de nombreux circuits existants (Suzuka,...) ainsi que des couses sur terre (rallye,...) et en ville. Gran Turismo
32%
Jeux développés par Blizzard de type "Hack 'n'Slash". Le joueur y doit explorer des donjons pour y combattre toute sorte de créatures afin de gagner de l'exprérience et des trésors. Diablo
31%
Jeux sur Playstation. La trame se déroule souvent sur différentes planète où l'on y incarne un Lombax (une sorte de félin humanoïde) aidé d'un robot. Ces deux compères doivent sauver ces lieux à l'aide d'armes vraiment originales. Ratchet and Clank
31%
Série de jeux d'action-plate-formes développé par Capcom. Le héros est un robot bleu devenu robot de combat pour déjouer les plans du Dr. Wily. Méga-Man
30%
Série de jeux développés par Blizzard. Ces jeux mêlent stratégie et aventures dans un univers de fantasy emplis de créaturs fantastiques. La série développera un jeu de carte à collectionner du nom de "Hearthstone". Warcraft
30%
Jeux de rôle japonnais édités par Square Enix considéré come étant le premier du genre sur console. Il est inventé par Yuji Horii et est supervisé graphiquement par Akira Toriyama, l'auteur de Dragon Ball. Dragon Quest
29%
Jeux développés par Level-5 où le joueur joue un archéologue brittanique dont la capacité de réflexion est telle qu'on lui soummet énormément d'affaires farfelues à élucider. Les jeux alternent phases d'exploration et d'énigmes à résoudre (souvent sous forme de puzzle). Professeur Layton
28%
Série de RPG tactique (tactical RPG), elle se base à partir du 4ème épisode sur la base du "triangles des armes". Le dernier opus en date (2019) est "Three House". Fire Emblem
22%
Série de jeux, suite de "Soulblade", où les combats sont proposés en 3D et où les personnages manient de grandes épées, nunchakus,... et peuvent aussi utiliser leurs pieds. SoulCalibur
20%
Jeux vidéo indépendant où le joueur incarne un enfant tombé dans "l'Underground" et qui doit essayer de remonter à la surface. Il doit alors combattre des monstres (le jeu mélange le tour par tour et le shoot 'em up) pour y arriver. Undertale
19%
Jeux de réflexion où le joueur doit guider des dizaines de créatures écervelées, dans des niveaux truffés de pièges. Lemmings
9%
Aucun quiz correspondant
Distribution des résultats
% des personnes avec chaque résultat
Percentile par nombre de réponses
Votre historique - résultats
Vous n’avez pas pris ce quiz